Представление документа в формате RUSMARC

ПолеНазваниеЗначение
  Тип записи a
  Библиографический уровень a
001 Контрольный номер RU/CBS_UL/BASE/3babe9835e0646b6ba8ac35509c0b923
005 Дата корректировки 20230901142306.1
100 Данные общей обработки __
a Данные общей обработки 20230901 ||| 0rusy0189 ca
101 Язык документа 0_
a Язык текста rus
102 Страна публикации __
a Страна публикации RU
200 Заглавие и сведения об ответственности 1_
a Заглавие Покровский собор
e Сведения, относящиеся к заглавию [о соборе Покрова Пресвятой Богородицы, что на рву (Покровский собор, собор Василия Блаженного)]
300 Общие примечания __
a Общие примечания 6+
461 Уровень набора _0
1 2000
a Веселый затейник
463 Уровень физической единицы _0
1 2000
a № 6
v С. 16
1 2101
d 2023
1 001RU/CBS_UL/BASE/2310257f33fe46be92af67a1e2120a59
606 Тематические рубрики 0_
a Основная рубрика Православные храмы
y Географическая подрубрика Москва, город
610 Ключевые слова 0_
a Ключевые слова храмы
610 Ключевые слова 0_
a Ключевые слова соборы
610 Ключевые слова 0_
a Ключевые слова православные храмы
610 Ключевые слова 0_
a Ключевые слова Покровский собор
610 Ключевые слова 0_
a Ключевые слова Собор Василия Блаженного
610 Ключевые слова 0_
a Ключевые слова Собор Покрова Пресвятой Богородицы, что на рву
686 Индексы других классификаций __
2 Код системы rubbk
a Классификационный индекс 86.372-505
801 Источник записи _0
a Страна RU
b Организация МБУК ЦБС г. Ульяновска
c Дата составления 20230901
g Правила каталогизации RCR
801 Источник записи _1
a Страна RU
b Организация МБУК ЦБС г. Ульяновска
c Дата составления 20230901
g Правила каталогизации RCR
901 Тип документа __
t Тип документа b
w Контрольный № источника RU/CBS_UL/BASE/2310257f33fe46be92af67a1e2120a59